• 首页
  • 本馆介绍
  • 公告通知
  • 最新文献
  • 馆藏检索
  • 电子资源
  • 读者导购
  • 参考咨询
  • 我的图书馆
  • 登录
  • 详细信息显示
  • 放入我的书架
  • 预约/预借图书
  • 作者相关作品
  • 分类相关作品
  • 丛书相关作品
  • 出版社相关作品

书目信息

  • 表格格式
  • 工作单格式
  • 卡片格式
题名:
污水处理厂技术与工艺管理
    
 
作者: 伊学农 主编
分册:  
出版信息: 北京   化学工业出版社  2012.01
页数: 186页
开本: 24cm
丛书名:
单 册:
中图分类: X505
科图分类:
主题词: 污水处理厂--工艺管理 , 污水处理厂--技术管理
电子资源:
ISBN: 978-7-122-12272-8
000 01042nam0 2200241 45
001 1360107031
005 20130530155339.20
010    @a978-7-122-12272-8@dCNY38.00
100    @a20130513d2012 em y0chiy0110 ea
101 0  @achi
102    @aCN@b110000@2GB2260
105    @aak z 000yy
106    @ar
200 1  @a污水处理厂技术与工艺管理@AWu Shui Chu Li Chang Ji Shu Yu Gong Yi Guan Li@f伊学农主编@FYi Xue Nong Zhu Bian
210    @a北京@c化学工业出版社@d2012.01
215    @a186页@c图表@d24cm
330    @a本书从技术与工艺管理角度出发,较为详细地介绍了污水处理的技术与工艺管理等内容,如污水的物理处理技术、化学处理技术、活性污泥处理技术、生物膜处理技术、厌氧生物处理技术、深度处理技术、污泥处理技术等。其中包括了技术工艺的原理和特点、运行方式、工艺参数以及注意事项、存在问题等。本书可为污水处理工艺运行和管理者提供技术指导和建议。
606 0  @a污水处理厂@x工艺管理
606 0  @a污水处理厂@x技术管理
690    @aX505@v5
701  0 @a伊学农@AYi Xue Nong@4主编
801    @aCN@bTANGWEI@c20130522
905    @b0834377-79@dX505@e116@f3
    
    污水处理厂技术与工艺管理/伊学农主编.-北京:化学工业出版社,2012.01
    186页:图表;24cm
    
    
    ISBN 978-7-122-12272-8:CNY38.00
    本书从技术与工艺管理角度出发,较为详细地介绍了污水处理的技术与工艺管理等内容,如污水的物理处理技术、化学处理技术、活性污泥处理技术、生物膜处理技术、厌氧生物处理技术、深度处理技术、污泥处理技术等。其中包括了技术工艺的原理和特点、运行方式、工艺参数以及注意事项、存在问题等。本书可为污水处理工艺运行和管理者提供技术指导和建议。
●
相关链接 在E读中查询图书 在五车中查询图书 在当当中查询图书 在豆瓣中查询图书


正题名:污水处理厂技术与工艺管理     索取号:X505/116         预约/预借

序号 登录号 条形码 馆藏地/架位号 状态 备注
1 0834377   208343773   第二样本阅览室/ [索取号:X505/116] 在馆    
2 0834378   208343782   密集书库-化学系/ [索取号:X505/116] 在馆    
3 0834379   208343791   第三借阅区/ [索取号:X505/116] 在馆    
唐山师范学院图书馆 欢迎您!
大连网信软件有限公司© 版权所有